=LDR 00000nam 2200000 4500 =001 NUTBA000000000003286 =005 20140813091633.0 =006 =007 =008 =020 ##$$a 978-602-257-567-2 =035 ##$$0010-081400000000131 =040 ##$$a NBPDMAT =082 ##$$a 510 =090 ##$$a 510 $b Sis m =100 ##$$a Siswanto =245 ##$$a Matematika 3 untuk kelas X SMA dan MA 1A kelompik peminatan matematika dan ilmu Alam semester ! / $c Siswanto ; editor, Suwandi =260 ##$$a Solo : $b Global, $c 2014 =300 ##$$a 120 hlm. ; $c 25 cm. =650 ##$$a Matematika SMA =990 ##$$a 214056502 =990 ##$$a 0001/BPAP-NTB/20142014 =990 ##$$a 0001/BPAP-NTB/20142014 =990 ##$$a 0001/BPAP-NTB/20142014 =990 ##$$a 0001/BPAP-NTB/20142014 =990 ##$$a 0001/BPAP-NTB/20142014 =990 ##$$a 0001/BPAP-NTB/2016 =990 ##$$a 0001/BPAP-NTB/2016 =990 ##$$a 21601915/BPAP-NTB/2017 =990 ##$$a 21601916/BPAP-NTB/2017